Best Players to Ever Wear a Timberwolves Jersey - Statistics

General Stats
  • This quiz has been taken 11 times
    8 since last reset
  • The average score is 11 of 20
Answer Stats
Hint Answer % Correct
13. Anthony Edwards
100%
1. Kevin Garnett
100%
19. Al Jefferson
75%
16. Andrew Wiggins
75%
3. Jimmy Butler
75%
7. Karl-Anthony Towns
75%
6. Kevin Love
75%
4. Rudy Gobert
75%
11. Stephon Marbury
75%
2. Chauncey Billups
50%
5. Derrick Rose
50%
9. Julius Randle
50%
8. Mike Conley
50%
14. Sam Cassell
50%
18. Andrei Kirilenko
25%
10. Antoine Walker
25%
12. Latrell Sprewell
25%
17. Luol Deng
25%
20. Zach Lavine
25%
15. Brandon Roy
0%
No matching quizzes found
Score Distribution
Percent of People with Each Score
Percentile by Number Answered
Your Score History
You have not taken this quiz since the last reset